Germany : Financial Sector Assessment Program-Technical Note-Crisis Management and Financial Safety Nets.

Much progress on resolution planning and preparedness has been achieved since the last FSAP in 2016. Germany's resolution planning is well advanced, with resolution powers broadly in line with best practice and well-developed internal resolution processes. However, the large weight of Less Sign...

Fuld beskrivelse

Bibliografiske detaljer
Institution som forfatter: International Monetary Fund. Monetary and Capital Markets Department
Format: Tidsskrift
Sprog:English
Udgivet: Washington, D.C. : International Monetary Fund, 2022.
Serier:IMF Staff Country Reports; Country Report ; No. 2022/271
Fag:
Online adgang:Full text available on IMF
LEADER 01826cas a2200289 a 4500
001 AALejournalIMF023052
008 230101c9999 xx r poo 0 0eng d
020 |c 20.00 USD 
020 |z 9798400217944 
022 |a 1934-7685 
040 |a BD-DhAAL  |c BD-DhAAL 
110 2 |a International Monetary Fund.  |b Monetary and Capital Markets Department. 
245 1 0 |a Germany :   |b Financial Sector Assessment Program-Technical Note-Crisis Management and Financial Safety Nets. 
264 1 |a Washington, D.C. :  |b International Monetary Fund,  |c 2022. 
300 |a 1 online resource (29 pages) 
490 1 |a IMF Staff Country Reports 
500 |a <strong>Off-Campus Access:</strong> No User ID or Password Required 
500 |a <strong>On-Campus Access:</strong> No User ID or Password Required 
506 |a Electronic access restricted to authorized BRAC University faculty, staff and students 
520 3 |a Much progress on resolution planning and preparedness has been achieved since the last FSAP in 2016. Germany's resolution planning is well advanced, with resolution powers broadly in line with best practice and well-developed internal resolution processes. However, the large weight of Less Significant Institutions (LSIs) in Germany's financial sector calls for further progress on planning for crisis management for smaller banks and the institutional protection schemes (IPSs) of which they are members. 
538 |a Mode of access: Internet 
650 7 |a International Agreements and Observance  |2 imf 
650 7 |a International Organizations  |2 imf 
650 7 |a Monetary Policy  |2 imf 
651 7 |a Germany  |2 imf 
830 0 |a IMF Staff Country Reports; Country Report ;  |v No. 2022/271 
856 4 0 |z Full text available on IMF  |u https://elibrary.imf.org/openurl?genre=journal&issn=1934-7685&volume=2022&issue=271  |z IMF e-Library